|
|
|
|
| LEADER |
01978nam a2200529 a 4500 |
| 001 |
nkc20071718242 |
| 003 |
CZ PrNK |
| 005 |
20160919100344.0 |
| 007 |
ta |
| 008 |
070502s2008 xr b f 000 0 cze |
| 015 |
|
|
|a cnb001718242
|
| 020 |
|
|
|a 978-80-246-1376-5
|q (brož.)
|
| 035 |
|
|
|a (OCoLC)236551020
|
| 040 |
|
|
|a ABA001
|b cze
|
| 043 |
|
|
|a e-cs---
|
| 045 |
|
|
|a x4x4
|
| 072 |
|
7 |
|a 94(437)
|x Dějiny Česka a Slovenska
|2 Konspekt
|9 8
|
| 080 |
|
|
|a 94(437.3)"1945"
|2 MRF
|
| 080 |
|
|
|a 355.426(437.3)"1945"
|2 MRF
|
| 080 |
|
|
|a 323.25/.26:329.18
|2 MRF
|
| 080 |
|
|
|a 94(100)"1939/1945"
|2 MRF
|
| 080 |
|
|
|a (437)
|2 MRF
|
| 080 |
|
|
|a (048.8)
|2 MRF
|
| 100 |
1 |
|
|a Kural, Václav,
|d 1928-2011
|7 jn20000401547
|4 aut
|
| 245 |
1 |
0 |
|a České národní povstání v květnu 1945 /
|c Václav Kural, Zdeněk Štěpánek
|
| 250 |
|
|
|a Vyd. 1.
|
| 260 |
|
|
|a Praha :
|b Karolinum,
|c 2008
|
| 300 |
|
|
|a 232 s. :
|b mapy ;
|c 21 cm
|
| 504 |
|
|
|a Obsahuje bibliografické odkazy
|
| 550 |
|
|
|a Vydavatel: Univerzita Karlova v Praze
|
| 648 |
|
7 |
|a 1945
|7 ch460654
|2 czenas
|
| 650 |
0 |
7 |
|a České květnové povstání (1945)
|7 ph138758
|2 czenas
|
| 650 |
0 |
7 |
|a druhá světová válka (1939-1945)
|7 ph117270
|z Československo
|2 czenas
|
| 650 |
0 |
7 |
|a protifašistický odboj
|7 ph115901
|z Československo
|y 1945
|2 czenas
|
| 650 |
0 |
9 |
|a Czech May uprising (1945)
|2 eczenas
|
| 650 |
0 |
9 |
|a World War (1939-1945)
|z Czechoslovakia
|2 eczenas
|
| 650 |
0 |
9 |
|a anti-fascist movements
|z Czechoslovakia
|y 1945
|2 eczenas
|
| 655 |
|
7 |
|a studie
|7 fd133597
|2 czenas
|
| 655 |
|
9 |
|a studies
|2 eczenas
|
| 700 |
1 |
|
|a Štěpánek, Zdeněk,
|d 1926-2005
|7 jk01131325
|4 aut
|
| 710 |
2 |
|
|a Univerzita Karlova
|7 kn20010710036
|
| 910 |
2 |
|
|a BOA001
|b 2-1199.510
|
| 990 |
|
|
|a BK
|
| 995 |
|
|
|a 01
|
| 991 |
|
|
|b 200803
|c NOV
|
| 996 |
6 |
|
|b 2610338063
|c 2-1199.510
|l MZK
|r Sklad / do 1 hodiny
|n 1
|p kup
|w 000889952
|u 000010
|a 1
|e BOA001
|j MZK50
|s P
|
| 996 |
7 |
|
|b 2610346169
|c 2-1199.510
|l MZK
|r Sklad / do 1 hodiny
|n 12
|p p.v.
|w 000889952
|u 000020
|a 1
|e BOA001
|j MZK50
|s A
|